[Event "NZL-ch op 123rd"]
[Site "Auckland"]
[Date "2016.01.10"]
[Round "9"]
[White "Benson, Christopher"]
[Black "Zhang, Jasmine Haomo"]
[Result "1/2-1/2"]
[WhiteElo "1920"]
[BlackElo "1674"]
[PlyCount "69"]
[EventDate "2016.01.02"]
[EventType "swiss"]
[EventRounds "9"]
[EventCountry "NZL"]
[SourceTitle "CBM 170 Extra"]
[Source "ChessBase"]
[SourceDate "2016.02.25"]
[SourceVersion "1"]
[SourceVersionDate "2016.02.25"]
[SourceQuality "1"]

1. e4 c5 2. Nf3 d6 3. d4 cxd4 4. Nxd4 Nf6 5. Nc3 a6 6. Bg5 e6 7. Bd3 Be7 8. f4 Qc7 9. Nb3 b5 10. a3 Bb7 11. Qd2 Nbd7 12. 0-0-0 Nc5 13. Nxc5 dxc5 14. Rhe1 0-0-0 15. Bxf6 Bxf6 16. e5 Be7 17. Qf2 Qa5 18. g3 c4 19. Be4 b4 20. Bxb7+ Kxb7 21. Qf3+ Kb8 22. Nb1 bxa3 23. bxa3 c3 24. Qxc3 Qxc3 25. Nxc3 Bxa3+ 26. Kb1 Bb4 27. Kb2 Kc7 28. Rxd8 Rxd8 29. Re2 Bxc3+ 30. Kxc3 h5 31. h3 g6 32. g4 hxg4 33. hxg4 Kc6 34. Kc4 Rd5 35. c3 1/2-1/2

[Event "NZL-ch op 123rd"]
[Site "Auckland"]
[Date "2016.01.07"]
[Round "6"]
[White "Duneas, John"]
[Black "Benson, Christopher"]
[Result "1-0"]
[WhiteElo "2110"]
[BlackElo "1920"]
[PlyCount "99"]
[EventDate "2016.01.02"]
[EventType "swiss"]
[EventRounds "9"]
[EventCountry "NZL"]
[SourceTitle "CBM 170 Extra"]
[Source "ChessBase"]
[SourceDate "2016.02.25"]
[SourceVersion "1"]
[SourceVersionDate "2016.02.25"]
[SourceQuality "1"]

1. d4 Nf6 2. c4 e6 3. Nf3 c5 4. d5 exd5 5. cxd5 d6 6. Nc3 g6 7. g3 Bg7 8. Bg2 0-0 9. 0-0 Bg4 10. Nd2 Qd7 11. Qb3 Na6 12. Re1 Rab8 13. Nb5 Nc7 14. a4 a6 15. Nxc7 Qxc7 16. a5 Rfe8 17. e3 Bd7 18. Qc2 Bb5 19. Nc4 Nd7 20. f4 f5 21. Nd2 Nf6 22. h3 Re7 23. Nb1 b6 24. axb6 Qxb6 25. Kh2 Qb7 26. Nc3 Bc4 27. Qa4 Bb5 28. Qa3 Qb6 29. Bd2 Reb7 30. Nxb5 axb5 31. e4 fxe4 32. Bxe4 Re8 33. Bf3 Rxe1 34. Rxe1 c4 35. Be3 Qc7 36. Bd4 b4 37. Qe3 Qf7 38. g4 Rb8 39. Qd2 Ne8 40. Re6 Bxd4 41. Qxd4 Rc8 42. Bd1 Qg7 43. Qf2 b3 44. f5 gxf5 45. Qxf5 Qxb2+ 46. Re2 Qxe2+ 47. Bxe2 Rc5 48. Qe6+ Kf8 49. g5 c3 50. Bh5 1-0

[Event "Toronto Spring 03"]
[Site "Toronto"]
[Date "2008.04.25"]
[Round "6"]
[White "Benson, Christopher"]
[Black "Semyonov, Vladimir"]
[Result "1/2-1/2"]
[WhiteElo "1927"]
[BlackElo "2160"]
[PlyCount "97"]
[EventDate "2008.03.14"]
[EventType "tourn"]
[EventRounds "7"]
[EventCountry "CAN"]
[SourceTitle "EXT 2011"]
[Source "ChessBase"]
[SourceDate "2010.11.26"]
[SourceVersion "1"]
[SourceVersionDate "2010.11.26"]
[SourceQuality "1"]

1. e4 c5 2. c3 Nf6 3. e5 Nd5 4. d4 cxd4 5. Nf3 Nc6 6. Bc4 Nb6 7. Bb3 d6 8. exd6 Qxd6 9. 0-0 Bf5 10. Nxd4 Nxd4 11. cxd4 e6 12. Nc3 Be7 13. Qf3 Qd7 14. Rd1 0-0 15. Bf4 Bf6 16. Ne4 Bxe4 17. Qxe4 Nd5 18. Be5 Rfd8 19. Qg4 Qe7 20. Rac1 Nb6 21. Qe4 Rd7 22. h3 Rad8 23. Qg4 g6 24. Qf3 Bg7 25. Kh1 Qg5 26. Bxg7 Kxg7 27. Qe3 Qf6 28. f3 Rxd4 29. Rxd4 Qxd4 30. Qxd4+ Rxd4 31. Rc7 Rd7 32. Rc2 Kf6 33. Kg1 a5 34. a3 a4 35. Ba2 h5 36. h4 Rd4 37. g3 Nd5 38. Kf2 b5 39. Ke2 b4 40. Bxd5 exd5 41. Rc6+ Ke7 42. Ra6 bxa3 43. bxa3 Rc4 44. Kd3 f6 45. f4 Re4 46. Ra5 Ke6 47. Ra6+ Kf5 48. Ra5 Ke6 49. Ra8 1/2-1/2

[Event "Otago Queen's Birthday op"]
[Site "Dunedin"]
[Date "2007.06.03"]
[Round "4"]
[White "Bennett, Hilton Petrie"]
[Black "Benson, Christopher"]
[Result "1-0"]
[WhiteElo "2134"]
[BlackElo "1949"]
[PlyCount "35"]
[EventDate "2007.06.02"]
[EventType "swiss"]
[EventRounds "6"]
[EventCountry "NZL"]
[SourceTitle "EXT 2018"]
[Source "ChessBase"]
[SourceDate "2017.10.13"]
[SourceVersion "1"]
[SourceVersionDate "2017.10.13"]
[SourceQuality "1"]

1. e4 c5 2. Nc3 Nc6 3. f4 Qc7 4. d3 e6 5. g3 g6 6. Bg2 Bg7 7. Nf3 Nge7 8. 0-0 a6 9. a4 Nd4 10. e5 Nec6 11. Ne4 Nxf3+ 12. Qxf3 Nd4 13. Qf2 0-0 14. Be3 Rb8 15. c3 Nf5 16. Bxc5 b6 17. Bxf8 Bxf8 18. g4 1-0

[Event "Otago Queen's Birthday op"]
[Site "Dunedin"]
[Date "2007.06.02"]
[Round "1"]
[White "Benson, Christopher"]
[Black "Garbett, Paul Anthony"]
[Result "0-1"]
[WhiteElo "1949"]
[BlackElo "2313"]
[PlyCount "90"]
[EventDate "2007.06.02"]
[EventType "swiss"]
[EventRounds "6"]
[EventCountry "NZL"]
[SourceTitle "EXT 2018"]
[Source "ChessBase"]
[SourceDate "2017.10.13"]
[SourceVersion "1"]
[SourceVersionDate "2017.10.13"]
[SourceQuality "1"]

1. e4 c5 2. Nf3 e6 3. d4 cxd4 4. Nxd4 Nc6 5. Be2 Nf6 6. f3 d5 7. Nxc6 bxc6 8. e5 Nd7 9. f4 Qb6 10. Nc3 Be7 11. Qd3 0-0 12. Be3 Qxb2 13. Rb1 Qa3 14. 0-0 Bc5 15. Rf3 Ba6 16. Qxa6 Qxc3 17. Qd3 Qxd3 18. cxd3 Rab8 19. Rxb8 Rxb8 20. Bxc5 Nxc5 21. d4 Rb1+ 22. Rf1 Rxf1+ 23. Kxf1 Ne4 24. Ba6 c5 25. dxc5 Nxc5 26. Bb5 f6 27. Kf2 fxe5 28. fxe5 d4 29. Ke2 Kf7 30. h4 Ke7 31. g4 g6 32. g5 Kd8 33. Kf3 a6 34. Bc4 Kc7 35. Ke2 Kb6 36. Kd2 Ka5 37. Be2 Kb4 38. h5 Ka3 39. hxg6 hxg6 40. Bh5 Ne4+ 41. Kd3 Nf2+ 42. Kxd4 gxh5 43. g6 Ng4 44. g7 Nh6 45. Kc5 h4 0-1

[Event "Otago Queen's Birthday op"]
[Site "Dunedin"]
[Date "2006.06.03"]
[Round "1"]
[White "Croad, Nicholas"]
[Black "Benson, Christopher"]
[Result "1-0"]
[WhiteElo "2243"]
[BlackElo "1937"]
[PlyCount "79"]
[EventDate "2006.06.03"]
[EventType "swiss"]
[EventRounds "6"]
[EventCountry "NZL"]
[SourceTitle "EXT 2018"]
[Source "ChessBase"]
[SourceDate "2017.10.13"]
[SourceVersion "1"]
[SourceVersionDate "2017.10.13"]
[SourceQuality "1"]

1. Nf3 Nf6 2. c4 d6 3. d4 g6 4. Nc3 Bg7 5. e4 0-0 6. Be2 Nbd7 7. 0-0 e5 8. Be3 exd4 9. Nxd4 Re8 10. f3 Ne5 11. Qd2 a6 12. Rfd1 Qe7 13. Rac1 Bd7 14. Bg5 Qf8 15. Qf4 Nh5 16. Qh4 h6 17. Be3 Bf6 18. Qf2 g5 19. Nd5 Bd8 20. g4 Ng7 21. h4 c6 22. Nc3 c5 23. Nf5 Nxf5 24. gxf5 Bc6 25. Kh2 f6 26. Rg1 Kf7 27. f4 gxf4 28. Qxf4 Ke7 29. Rcd1 Bc7 30. Bh5 Rec8 31. b3 d5 32. Bxc5+ Bd6 33. Nxd5+ Bxd5 34. Bxd6+ Kxd6 35. Rxd5+ Kc6 36. Rxe5 fxe5 37. Rg6+ Kd7 38. Qxe5 Rc6 39. Rg7+ Kd8 40. Qd5+ 1-0

[Event "Oceania zt"]
[Site "Auckland"]
[Date "2005.02.04"]
[Round "9"]
[White "Goffin, Peter B"]
[Black "Benson, Christopher"]
[Result "0-1"]
[WhiteElo "2154"]
[BlackElo "2049"]
[PlyCount "68"]
[EventDate "2005.01.30"]
[EventType "swiss"]
[EventRounds "9"]
[EventCountry "NZL"]
[SourceTitle "CBM 104 Extra"]
[Source "ChessBase"]
[SourceDate "2005.03.01"]
[SourceVersion "1"]
[SourceVersionDate "2005.03.01"]
[SourceQuality "1"]

1. d3 e5 2. Nf3 Nc6 3. g3 Bc5 4. c3 d6 5. b4 Bb6 6. a4 a5 7. b5 Nce7 8. Bg2 Bg4 9. h3 Bd7 10. Nbd2 f5 11. Qb3 h6 12. e4 Nf6 13. Nh4 g5 14. Nxf5 Nxf5 15. exf5 Bxf5 16. Bxb7 Ke7 17. Ne4 Rf8 18. Be3 Rb8 19. Bc6 Be6 20. Qd1 Bxe3 21. fxe3 g4 22. h4 Nd5 23. Bxd5 Bxd5 24. Rf1 Rxf1+ 25. Kxf1 Qf8+ 26. Kg1 Qf5 27. Nf2 Bf3 28. e4 Bxd1 29. exf5 Bf3 30. Nd1 c6 31. Rb1 cxb5 32. Rxb5 Rxb5 33. axb5 Bxd1 34. b6 Bf3 0-1

[Event "Oceania zt"]
[Site "Auckland"]
[Date "2005.02.03"]
[Round "7"]
[White "Perry, Roger L"]
[Black "Benson, Christopher"]
[Result "1/2-1/2"]
[WhiteElo "2186"]
[BlackElo "2049"]
[PlyCount "46"]
[EventDate "2005.01.30"]
[EventType "swiss"]
[EventRounds "9"]
[EventCountry "NZL"]
[SourceTitle "CBM 104 Extra"]
[Source "ChessBase"]
[SourceDate "2005.03.01"]
[SourceVersion "1"]
[SourceVersionDate "2005.03.01"]
[SourceQuality "1"]

1. e4 e5 2. Nf3 Nf6 3. Nxe5 d6 4. Nf3 Nxe4 5. Nc3 Nxc3 6. dxc3 Bg4 7. h3 Bh5 8. g4 Bg6 9. Be3 Nd7 10. Bg2 Be7 11. Nd4 c6 12. Qe2 0-0 13. 0-0-0 Re8 14. Qd2 Nc5 15. f4 Be4 16. Bxe4 Nxe4 17. Qg2 d5 18. Nf5 Bf8 19. Rhe1 Qa5 20. Kb1 Re6 21. Ng3 Rae8 22. Nxe4 Rxe4 23. Bf2 Rxe1 1/2-1/2

[Event "Oceania zt"]
[Site "Auckland"]
[Date "2005.02.01"]
[Round "4"]
[White "Steadman, Michael VR"]
[Black "Benson, Christopher"]
[Result "1-0"]
[WhiteElo "2222"]
[BlackElo "2049"]
[PlyCount "53"]
[EventDate "2005.01.30"]
[EventType "swiss"]
[EventRounds "9"]
[EventCountry "NZL"]
[SourceTitle "CBM 104 Extra"]
[Source "ChessBase"]
[SourceDate "2005.03.01"]
[SourceVersion "1"]
[SourceVersionDate "2005.03.01"]
[SourceQuality "1"]

1. d4 f5 2. Nf3 Nf6 3. g3 e6 4. Bg2 d5 5. 0-0 Bd6 6. c4 c6 7. b3 Qe7 8. Bb2 Nbd7 9. Qc1 Ne4 10. Ba3 Bxa3 11. Nxa3 Ndf6 12. Ne5 Nd7 13. f3 Nef6 14. Nd3 e5 15. cxd5 Nxd5 16. e4 fxe4 17. fxe4 N5f6 18. Nc4 exd4 19. e5 0-0 20. exf6 Nxf6 21. Qf4 Bg4 22. Rae1 Qd8 23. Qg5 Bh5 24. Rxf6 Qxf6 25. Qxh5 b5 26. Nce5 Rac8 27. Nd7 1-0

[Event "Oceania zt"]
[Site "Auckland"]
[Date "2005.01.30"]
[Round "1"]
[White "Feldman, Vladimir"]
[Black "Benson, Christopher"]
[Result "1-0"]
[WhiteElo "2300"]
[BlackElo "2049"]
[PlyCount "83"]
[EventDate "2005.01.30"]
[EventType "swiss"]
[EventRounds "9"]
[EventCountry "NZL"]
[SourceTitle "CBM 104 Extra"]
[Source "ChessBase"]
[SourceDate "2005.03.01"]
[SourceVersion "1"]
[SourceVersionDate "2005.03.01"]
[SourceQuality "1"]

1. d4 d5 2. c4 e6 3. Nc3 Nf6 4. Bg5 Be7 5. cxd5 exd5 6. e3 Bf5 7. Bxf6 Bxf6 8. Qb3 c6 9. Qxb7 Qb6 10. Qxb6 axb6 11. Kd2 0-0 12. Bd3 Bxd3 13. Kxd3 Rd8 14. Nge2 Nd7 15. a4 Nf8 16. b4 Ne6 17. Rhb1 Kf8 18. Ra2 c5 19. bxc5 bxc5 20. a5 c4+ 21. Kd2 Rd6 22. Rb7 Bd8 23. a6 Rdxa6 24. Rxa6 Rxa6 25. Rd7 Ra5 26. Rxd5 Rxd5 27. Nxd5 Ba5+ 28. Ndc3 Nc7 29. Kc2 Ke7 30. Ng3 Ne6 31. Nge4 f5 32. Nd2 f4 33. Nxc4 fxe3 34. fxe3 Bd8 35. Kd3 g6 36. Ne2 h5 37. d5 Nc5+ 38. Kd4 Nd7 39. e4 g5 40. e5 h4 41. h3 Nf8 42. Ke4 1-0

[Event "South Island-ch"]
[Site "Dunedin"]
[Date "2004.09.28"]
[Round "7"]
[White "Wright, Chris"]
[Black "Benson, Christopher"]
[Result "0-1"]
[WhiteElo "1384"]
[BlackElo "2069"]
[PlyCount "68"]
[EventDate "2004.09.25"]
[EventType "swiss"]
[EventRounds "8"]
[EventCountry "NZL"]
[SourceTitle "EXT 2018"]
[Source "ChessBase"]
[SourceDate "2017.10.13"]
[SourceVersion "1"]
[SourceVersionDate "2017.10.13"]
[SourceQuality "1"]

1. d4 d5 2. c4 e6 3. Nc3 Nf6 4. Bg5 Be7 5. Nf3 0-0 6. e3 c6 7. Bd3 Nbd7 8. Qc2 Re8 9. h4 h6 10. Bf4 dxc4 11. Bxc4 b5 12. Bd3 Bb4 13. 0-0-0 a5 14. g4 Nxg4 15. Rdg1 e5 16. Rxg4 exf4 17. Rhg1 Bf8 18. Rxf4 Nf6 19. Ne4 Nd5 20. Qxc6 Be6 21. Qxb5 Nxf4 22. exf4 Qc7+ 23. Kd1 Qxf4 24. Ke2 Bf5 25. Nfd2 Rab8 26. Qa4 Bxe4 27. Nxe4 Rxb2+ 28. Bc2 Rxe4+ 29. Kd3 Qf3+ 30. Kc4 Rb4+ 31. Qxb4 Bxb4 32. Bxe4 Qxe4 33. Rg3 Qe2+ 34. Kd5 Qxf2 0-1

[Event "South Island-ch"]
[Site "Dunedin"]
[Date "2004.09.26"]
[Round "3"]
[White "Benson, Christopher"]
[Black "Duffield, Terence"]
[Result "0-1"]
[WhiteElo "2069"]
[BlackElo "1566"]
[PlyCount "85"]
[EventDate "2004.09.25"]
[EventType "swiss"]
[EventRounds "8"]
[EventCountry "NZL"]
[SourceTitle "EXT 2018"]
[Source "ChessBase"]
[SourceDate "2017.10.13"]
[SourceVersion "1"]
[SourceVersionDate "2017.10.13"]
[SourceQuality "1"]

1. e4 e5 2. Nf3 Nc6 3. Bb5 a6 4. Ba4 Nf6 5. 0-0 b5 6. Bb3 Be7 7. Re1 0-0 8. c3 d5 9. exd5 Nxd5 10. Nxe5 Nxe5 11. Rxe5 c6 12. d4 Bd6 13. Bxd5 Bxe5 14. Bxc6 Rb8 15. Qh5 Bf6 16. Bf4 Rb6 17. Be4 g6 18. Qf3 Re8 19. Nd2 Bg5 20. Rd1 Bxf4 21. Qxf4 Rf6 22. Qg3 Rfe6 23. f3 Qb6 24. Nb3 R6e7 25. Nc5 Be6 26. h4 b4 27. h5 bxc3 28. hxg6 hxg6 29. bxc3 Bxa2 30. Qf2 Bc4 31. g4 Qd6 32. Nd3 f5 33. gxf5 gxf5 34. Bxf5 Qh6 35. Ne5 Rg7+ 36. Bg4 Bd5 37. Kf1 Rxg4 38. Nxg4 Qh1+ 39. Qg1 Qxf3+ 40. Nf2+ Kf7 41. Qg4 Bc4+ 42. Kg1 Rg8 43. Qxg8+ 0-1

[Event "Toronto Anderson Memorial"]
[Site "Toronto"]
[Date "2002.10.28"]
[Round "5"]
[White "Benson, Christopher"]
[Black "Manalo, Pepin"]
[Result "0-1"]
[WhiteElo "2054"]
[BlackElo "1869"]
[PlyCount "78"]
[EventDate "2002.09.23"]
[EventType "tourn"]
[EventRounds "9"]
[EventCountry "CAN"]
[SourceTitle "EXT 2022"]
[Source "ChessBase"]
[SourceDate "2021.10.06"]
[SourceVersion "1"]
[SourceVersionDate "2021.10.06"]
[SourceQuality "1"]

1. e4 d6 2. d4 g6 3. Nc3 Bg7 4. Nf3 Nd7 5. Be2 Ngf6 6. 0-0 e5 7. dxe5 dxe5 8. h3 h6 9. Bc4 c6 10. a4 Qe7 11. Be3 0-0 12. Qd2 Kh7 13. Rad1 Nc5 14. Bd3 Bd7 15. Rfe1 Nxd3 16. Qxd3 Rad8 17. Qc4 b6 18. a5 c5 19. axb6 axb6 20. Ra1 Bc6 21. Ra6 Qc7 22. b4 Bb7 23. Ra7 Qb8 24. Rea1 cxb4 25. Qxb4 Nd7 26. Qb5 f5 27. R1a4 Rf6 28. Nd5 Rd6 29. Nc3 Bc6 30. Qa6 Bxa4 31. Nxa4 f4 32. Rb7 Qc8 33. Bxb6 Qxc2 34. Qa7 Rd1+ 35. Kh2 Qc1 36. Ne1 Rxe1 37. g4 fxg3+ 38. Kxg3 Qg5+ 39. Kf3 Rf8# 0-1

[Event "Toronto Anderson Memorial"]
[Site "Toronto"]
[Date "2002.10.21"]
[Round "4"]
[White "Shah, Omaray M"]
[Black "Benson, Christopher"]
[Result "0-1"]
[WhiteElo "1989"]
[BlackElo "2054"]
[PlyCount "86"]
[EventDate "2002.09.23"]
[EventType "tourn"]
[EventRounds "9"]
[EventCountry "CAN"]
[SourceTitle "EXT 2022"]
[Source "ChessBase"]
[SourceDate "2021.10.06"]
[SourceVersion "1"]
[SourceVersionDate "2021.10.06"]
[SourceQuality "1"]

1. e4 e6 2. d4 d5 3. Nc3 Nf6 4. Bg5 Be7 5. e5 Nfd7 6. Bxe7 Qxe7 7. h4 a6 8. Qg4 Kf8 9. 0-0-0 c5 10. f4 cxd4 11. Rxd4 Nc6 12. Rd2 b5 13. Nf3 Nc5 14. a3 Rb8 15. h5 h6 16. Nd4 Bd7 17. b4 Nb7 18. Nxc6 Bxc6 19. Rh3 a5 20. Rg3 f5 21. exf6 Qxf6 22. f5 Nd6 23. Qf4 e5 24. Qf2 d4 25. Rg6 Qe7 26. f6 gxf6 27. Rxf6+ Ke8 28. Bd3 axb4 29. Bg6+ Kd7 30. Bf5+ Kc7 31. Re6 Qf7 32. Rxd6 Kxd6 33. Rxd4+ Kc7 34. Rxb4 Rhf8 35. Qa7+ Rb7 36. Qa5+ Kb8 37. g4 Qc7 38. Qxc7+ Kxc7 39. Ne4 Bxe4 40. Rxe4 Kd6 41. Kb2 Kd5 42. Rb4 Kc5 43. a4 Kxb4 0-1

[Event "Toronto Anderson Memorial"]
[Site "Toronto"]
[Date "2002.09.30"]
[Round "2"]
[White "Siddeley, Hugh"]
[Black "Benson, Christopher"]
[Result "1/2-1/2"]
[WhiteElo "2027"]
[BlackElo "2054"]
[PlyCount "108"]
[EventDate "2002.09.23"]
[EventType "tourn"]
[EventRounds "9"]
[EventCountry "CAN"]
[SourceTitle "EXT 2022"]
[Source "ChessBase"]
[SourceDate "2021.10.06"]
[SourceVersion "1"]
[SourceVersionDate "2021.10.06"]
[SourceQuality "1"]

1. e4 e6 2. d4 d5 3. Nc3 Nf6 4. e5 Nfd7 5. Nce2 c5 6. f4 cxd4 7. Nxd4 Nc6 8. Ngf3 Nxd4 9. Nxd4 Qb6 10. c3 Nb8 11. a3 Nc6 12. b4 Nxd4 13. cxd4 Bd7 14. Qd3 Be7 15. Bd2 0-0 16. g3 a6 17. Bh3 Rfc8 18. Kf2 Rc4 19. Be3 Rac8 20. Rhc1 Bb5 21. Qd2 Ba4 22. Rxc4 Rxc4 23. Rc1 Qc6 24. f5 exf5 25. Bxf5 a5 26. Rxc4 Qxc4 27. bxa5 Bxa3 28. Bd3 Qc6 29. Kg2 Bb5 30. Bb1 Qc4 31. Qf2 Bb4 32. Ba2 Qc6 33. Bd2 Be7 34. Qe3 Bc4 35. Bb1 Qb5 36. Qe1 Bd3 37. Bxd3 Qxd3 38. Bc3 Qc2+ 39. Qd2 Qe4+ 40. Kh3 h6 41. Qf4 Qd3 42. Qd2 Qf5+ 43. Kg2 Bg5 44. Qe2 Qb1 45. h4 Bd8 46. Qf3 Qc2+ 47. Kh3 Qg6 48. Bb4 Qe6+ 49. Kh2 f6 50. exf6 Bxf6 51. Bc5 Be7 52. Bxe7 Qxe7 53. Qxd5+ Kh8 54. Qe5 Qf7 1/2-1/2